000 02465nam a22002537a 4500
008 250703b |||||||| |||| 00| 0 eng d
020 _a9780008601829
040 _ctbs
041 _aeng
100 _aRoyal houses
_925639
_eauthor
245 _aA river of golden bones
_c/ A. K. Mulford.
300 _a385 pages :
_bmap ;
_c24 cm.
490 _aGolden court ;
_vbk. 1
520 _aFrom bestselling author and TikTok sensation A.K. Mulford comes the first riveting, enchanting book in the all-new Golden Court romantasy trilogy— A River of Golden Bones begins a journey of self-discovery, romance, and adventure for a young heir as she/they comes out of hiding to save her sister from a malicious, powerful sorceress and her dangerous sleeping curse. A sleeping curse. A fallen court. A secret twin. Twins Calla and Briar have spent their entire lives hiding from the powerful sorceress who destroyed their kingdom…and from the humans who don’t know they are Wolves. Each twin has their own purpose in Briar’s is to marry the prince of an ally pack and save the Golden Court. Calla’s purpose is to remain a secret, her twin’s shadow . . . the backup plan. No one knows who Calla truly is except for her childhood friend—and sister’s betrothed—the distractingly handsome Prince Grae. But when Calla and Briar journey out of hiding for Briar’s wedding, all of their well-made plans go awry. The evil sorceress is back with another sleeping curse for the last heir to the Golden Court. Calla must step out of the shadows to save their sister, their kingdom, and their own legacy. Continuing to hide as a human and denying who she truly is, Calla embarks on a quest across the realm, discovering a whole world she never knew existed. Outside the confines of rigid Wolf society, Calla begins to who could she be if she dared to try? Full of adventure, love, gender exploration, and self-discovery, A River of Golden Bones follows Calla’s journey through treacherous Wolf kingdoms, monster-filled realms, and the depths of their own heart in this thrilling romantic fantasy.
650 0 _aWerewolves
_vFiction
_925636
650 0 _aTwins
_vFiction
_925637
650 0 _aGender-nonconforming people
_vFiction
_925638
650 0 _aRoyal houses
_vFiction
_925640
650 0 _aQuests (Expeditions)
_vFiction
_925641
655 0 _aFantasy fiction
_922510
655 0 _aRomance fiction
_922778
655 0 _aParanormal fiction
_922925
942 _2lcc
999 _c4814
_d4814